One Piece-Ministres de Whole Cake Island - Statistiques

Statistiques générales
  • Ce quiz a été pris 48 fois
  • Le résultat moyen est 8 sur 33
Statistiques - réponses
Enfant de Big Mom Titre % Correct
Perospero/Slurp Ministre Bonbon
86%
Laura (anciennement) Ministre Chocolat
79%
Compote Ministre Fruit
79%
Cracker Ministre Biscuit
62%
Katakuri Ministre Farine
62%
Smoothie Ministre Jus
48%
Oven Ministre Cuisson
45%
Amande Ministre Noix
45%
Galette Ministre du Beurre
40%
Opéra Ministre de la Crème Fraîche
31%
Daifuku Ministre Haricot
24%
Zuccotto Ministre Alcool
19%
Chiffon (anciennement) Ministre Moelleux
19%
Marnier Ministre Levure
17%
Citron Ministre Oeuf
17%
Dacquoise Ministre Confiture
14%
Broyée Ministre Meringue
14%
Flampe Ministre Miel
14%
Agar-agar Ministre de l'Agar-agar
12%
Noisette Ministre des Finances
12%
Mont d'Or Ministre du Fromage
12%
Moscato Ministre Gelato
12%
Praline (anciennement) Ministre Design
10%
Dosmarché Ministre Thé
10%
Corn Starch Ministre Amour
7%
Mobile Ministre de la Dégustation
7%
Snack Ministre de la Friture
7%
Nusstorte Ministre de la Logistique
7%
Saint-Marc Ministre des Essences
7%
Tablette Ministre des Garnitures
7%
Compo Ministre Tourte
7%
Mascarpone Ministre de la Vaisselle
5%
Sucrage Ministre des Graines
5%
Aucun quiz correspondant
Distribution des résultats
% des personnes avec chaque résultat
Percentile par nombre de réponses
Votre historique - résultats
Vous n’avez pas pris ce quiz